000
00303nam a2200109Ia 4500
008
200302s9999 xx 000 0 und d
100
_a
Benoy K. Behl
245
_a
The Ajanta Caves Artistic Wonder of Ancient Buddhist India
260
_b
Harry N. Abrams Inc. Publisher
260
_c
1998
300
_a
256 P.,
999
_c
1899
_d
1899